Computer networks and distributed processing, software, techniques, and architecture / (Record no. 634)

MARC details
000 -LEADER
fixed length control field 00762cac a22002051u 4500
008 - FIXED-LENGTH DATA ELEMENTS--GENERAL INFORMATION
fixed length control field 081108t xxu||||| |||| 00| 0 eng d
010 ## - LIBRARY OF CONGRESS CONTROL NUMBER
LC control number 80020652
020 ## - INTERNATIONAL STANDARD BOOK NUMBER
International Standard Book Number 0131652583 (casebound) :
020 ## - INTERNATIONAL STANDARD BOOK NUMBER
International Standard Book Number 8120305299
082 00 - DEWEY DECIMAL CLASSIFICATION NUMBER
Classification number 001.64
Item number MAR
Edition number 22
100 ## - MAIN ENTRY--PERSONAL NAME
Personal name Martin, James,
9 (RLIN) 33438
245 10 - TITLE STATEMENT
Title Computer networks and distributed processing, software, techniques, and architecture /
Statement of responsibility, etc James Martin.
260 ## - PUBLICATION, DISTRIBUTION, ETC. (IMPRINT)
Place of publication, distribution, etc New Delhi :
Name of publisher, distributor, etc Prentice Hall of India,
Date of publication, distribution, etc c1981.
300 ## - PHYSICAL DESCRIPTION
Extent xiv, 562 p. :
Other physical details ill. ;
Dimensions 24 cm.
500 ## - GENERAL NOTE
General note "A James Martin book."
504 ## - BIBLIOGRAPHY, ETC. NOTE
Bibliography, etc Includes bibliographical references and index.
650 #0 - SUBJECT ADDED ENTRY--TOPICAL TERM
Topical term or geographic name as entry element Electronic data processing
General subdivision Distributed processing.
9 (RLIN) 33439
650 #0 - SUBJECT ADDED ENTRY--TOPICAL TERM
Topical term or geographic name as entry element Computer networks.
9 (RLIN) 33440
942 ## - ADDED ENTRY ELEMENTS (KOHA)
Item type Book - Borrowing
Call number prefix 001.64 MAR
Source of classification or shelving scheme Dewey Decimal Classification
Holdings
Withdrawn status Item status Source of classification or shelving scheme Damaged status Not for loan Vendor Home library Current library Shelving location Date acquired Source of acquisition Cost, normal purchase price Total Checkouts Full call number Barcode Date last seen Cost, replacement price Koha item type
    Dewey Decimal Classification       Central Library Central Library Lower Floor 20/07/2006   66.00   001.64 MAR 000003972 15/07/2025 82.50 Book - Borrowing